عرض عادي
عرض مارك
- Routers (Computer networks)
مدخل مصطلح موضوعي
001 - رقم الضبط
- حقل الضبط: 39716
003 - معرف رقم الضبط
- حقل الضبط: OSt
005 - تاريخ ووقت أخر عملية
- حقل الضبط: 20131114153834.0
008 - عناصر بيانات ثابتة الطول
- حقل تحكم ثابت الطول: 131114|||a|||||| | ||| d
040 ## - مصدر الفهرسة
- هيئة الفهرسة الأصلية: OSt
- وكالة الكتابة: OSt
150 ## - مدخل-- مصطلح تاريخي
- عنصر مدخل المصطلح الموضوعي او الاسم الجغرافي: Routers (Computer networks)
670 ## - بيانات المصدر موجوده
- الاستشهاد بالمصدر: Work cat.: (OSt)0: Thomas, Stephen A., 1962- 39715, IP switching and routing essentials :, c2002.
